000 00705nam a2200193 a 4500
008 071127s2000 ||||||||||||||||| || u
020 _a0419257403
050 _aTH 6010 CHA
100 _aChadderton, David V
245 1 0 _aBuilding services engineering.-- 3rd. ed.
_cDavid V. Chadderton
250 _a3rd. ed.
260 _aLondon
_bE. and F. N. Spon
_c2000
300 _axx, 374p.: ill.
350 _a0.00
650 _aBUILDING
650 _aBUILDINGS--ENVIRONMENTAL ENGINEERING
650 _aBUILDING--MECHANICAL EQUIPMENT
995 _D0.00
_FCBU-MAIN LIBRARY (Kitwe)
_H1
_I0.00
_M1
_UAVAILABLE
_WNov 27, 2007
_ZMain Library Open Access Collection
999 _c36308
_d36308